Evaluación de adopción de tecnología: transferencia y adopción de tecnología por pequeños agricultares del Valle de Cachapoal Chile

Збережено в:
Бібліографічні деталі
Автор: Monardes Toral, Alfonso (autor)
Формат: Книга
Мова:Іспанська
Опубліковано: Santiago CEDRA 1990
Предмети:
Теги: Додати тег
Немає тегів, Будьте першим, хто поставить тег для цього запису!

MARC

LEADER 00000nam a2200000 a 4500
001 UCV7301
003 CL-VaPUC
008 901026e19900000CL |||||||||||||||||spa|d
082 0 4 |a 630.983  |b MON  |2 21 
100 |a Monardes Toral, Alfonso  |e autor  |9 411993 
245 1 0 |a Evaluación de adopción de tecnología: transferencia y adopción de tecnología por pequeños agricultares del Valle de Cachapoal Chile 
300 |a 117 p 
942 |c BK 
945 |d 19901026 00:00:00 
260 |a Santiago  |b CEDRA  |c 1990 
650 7 |a ECONOMIA AGRARIA  |2 CL-VaPUC  |9 264541 
650 0 |a Agricultura  |9 255598 
650 0 |a Transferencia de tecnología  |9 259659 
651 7 |a CHILE  |2 CL-VaPUC  |9 301373 
583 |a last modification  |c 20180514 10:47:08  |k Rodrigo Vera 
999 |c 213002  |d 213000